ბათუმის შოთა რუსთაველის სახელმწიფო უნივერსიტეტის ბიბლიოთეკა

n-угольники (ბიბ.ჩანაწერი № 48025)

000 -LEADER
fixed length control field 00538nam a2200205Ia 4500
001 - CONTROL NUMBER
control field 14905
003 - CONTROL NUMBER IDENTIFIER
control field GE_BSU
008 - FIXED-LENGTH DATA ELEMENTS--GENERAL INFORMATION
fixed length control field 181216s||||||||xx |||||||||||||| ||und||
040 ## - CATALOGING SOURCE
Transcribing agency GE_BSU
080 ## - UNIVERSAL DECIMAL CLASSIFICATION NUMBER
Universal Decimal Classification number 512+514
100 ## - MAIN ENTRY--PERSONAL NAME
Personal name Бахман,Ф. Шмидт, Э.
245 ## - TITLE STATEMENT
Title n-угольники
245 ## - TITLE STATEMENT
Statement of responsibility, etc. Пер. с немецк. А.И. Сироты. Под ред. И.М. Яглома
260 ## - PUBLICATION, DISTRIBUTION, ETC.
Place of publication, distribution, etc. Москва
260 ## - PUBLICATION, DISTRIBUTION, ETC.
Name of publisher, distributor, etc. Мир
260 ## - PUBLICATION, DISTRIBUTION, ETC.
Date of publication, distribution, etc. 1973
300 ## - PHYSICAL DESCRIPTION
Extent 245стр.20см.
653 ## - INDEX TERM--UNCONTROLLED
Uncontrolled term n-угольники
942 ## - ADDED ENTRY ELEMENTS (KOHA)
Koha item type წიგნი

არაა ხელმისაწვდომი ეგზემპლარები.